00681nam a2200193Ia 4500008004100000020001400041082001400055100002500069245007000094250000700164260004500171300002600216500001900242600002700261650005000288942000700338952012700345999001500472240925s9999 xx 000 0 und d a137822693 a006.3 STA aStaugaard, Andrew C. 0aRobotics and AI: an interoduction to applied machine intelligence aNA aNew Jersey:bPrintice- Hall Int.c,1987. ax,339p.bNAfOriginal aIncludes Index aEngineering Technology aComputer science, information & general works cBK 001040708ETaUITUbUITUd2002-01-07eFair Book Centerg275.00l0o006.3 STApQ4108r2024-09-25 07:13:23w2024-09-25yBK c6607d6607